Namak Halal (Record no. 34679)

MARC details
000 -LEADER
fixed length control field 02863ngm a2200457 4500
003 - CONTROL NUMBER IDENTIFIER
control field dpl
005 - DATE AND TIME OF LATEST TRANSACTION
control field 20100315134942.0
007 - PHYSICAL DESCRIPTION FIXED FIELD--GENERAL INFORMATION
fixed length control field DVD
008 - FIXED-LENGTH DATA ELEMENTS--GENERAL INFORMATION
fixed length control field ||||||sp199 xxu|||||c ||| 00| 0 ng d
010 ## - LIBRARY OF CONGRESS CONTROL NUMBER
LC control number DVD-006711-6718
024 ## - OTHER STANDARD IDENTIFIER
Terms of availability 45.00
Standard number or code SHE 2106 F2
035 ## - SYSTEM CONTROL NUMBER
System control number DVD-006711-6718
040 ## - CATALOGING SOURCE
Original cataloging agency DPL
Transcribing agency DPL
082 ## - DEWEY DECIMAL CLASSIFICATION NUMBER
Classification number DVD NAMA
245 ## - TITLE STATEMENT
Title Namak Halal
Statement of responsibility, etc Chaudhary Enterprises Presents
Medium [videorecording] VCD/
260 ## - PUBLICATION, DISTRIBUTION, ETC. (IMPRINT)
Name of publisher, distributor, etc Shemaroo Home Entertainment
300 ## - PHYSICAL DESCRIPTION
Extent 2 videodisc VCD;
Other physical details sd., col. ;
Dimensions 4 3/4 in.
Type of unit VCD
440 ## - SERIES STATEMENT/ADDED ENTRY--TITLE
Title Shemaroo Home Entertainment
500 ## - GENERAL NOTE
General note Mastered From The Original Film
500 ## - GENERAL NOTE
General note This Title in Completed with 2 Disc. Not to be sold individually.
500 ## - GENERAL NOTE
General note Filmfare Award Winner: Best Playback Singer- Kishore Kumar
538 ## - SYSTEM DETAILS NOTE
System details note Dolby Digital 5.1 - Hindi Subtitles: English
538 ## - SYSTEM DETAILS NOTE
System details note NTSC Format-All Regions, 16x9 Anamorphic (2:23.1 Aspect Ratio), Dual Layer
650 ## - SUBJECT ADDED ENTRY--TOPICAL TERM
Topical term or geographic name as entry element Motion Picture
700 ## - ADDED ENTRY--PERSONAL NAME
Personal name Mehra, Prakash
700 ## - ADDED ENTRY--PERSONAL NAME
Personal name Satyendra Pal
700 ## - ADDED ENTRY--PERSONAL NAME
Personal name Lahiri, Bappi
700 ## - ADDED ENTRY--PERSONAL NAME
Personal name Bachchan, amitabh
700 ## - ADDED ENTRY--PERSONAL NAME
Personal name Patil, Smita
700 ## - ADDED ENTRY--PERSONAL NAME
Personal name Kapoor, Shashi
942 ## - ADDED ENTRY ELEMENTS (KOHA)
Koha item type CD-ROMs, DVDs, VHS
Source of classification or shelving scheme Dewey Decimal Classification
Classification part DVD
Call number suffix NAMA
Holdings
Withdrawn status Lost status Source of classification or shelving scheme Damaged status Not for loan Home library Current library Date acquired Source of acquisition Cost, normal purchase price Total Checkouts Full call number Barcode Date last seen Date checked out Copy number Cost, replacement price Price effective from Koha item type
    Dewey Decimal Classification     Central Library Central Library 15/03/2010 Pioneers/1099/25-12-09/325/13-10-09 /30-12-09 45.00 8 DVD NAMA DVd-006711 05/06/2014 02/06/2014 1 45.00 15/03/2010 CD-ROMs, DVDs, VHS
    Dewey Decimal Classification     Karol Bagh Karol Bagh 15/03/2010 Pioneers/1099/25-12-09/325/13-10-09 /30-12-09 45.00 5 DVD NAMA DVd-006716 04/09/2012 28/08/2012 1 45.00 15/03/2010 CD-ROMs, DVDs, VHS
    Dewey Decimal Classification     Narela Narela 15/03/2010 Pioneers/1099/25-12-09/325/13-10-09 /30-12-09 45.00 1 DVD NAMA DVd-006717 01/12/2010 24/11/2010 1 45.00 15/03/2010 CD-ROMs, DVDs, VHS
    Dewey Decimal Classification     Patel Nagar Patel Nagar 15/03/2010 Pioneers/1099/25-12-09/325/13-10-09 /30-12-09 45.00 5 DVD NAMA DVd-006712 14/12/2016 29/11/2016 1 45.00 15/03/2010 CD-ROMs, DVDs, VHS
    Dewey Decimal Classification     R.K.Puram-8 R.K.Puram-8 15/03/2010 Pioneers/1099/25-12-09/325/13-10-09 /30-12-09 45.00 1 DVD NAMA DVd-006714 19/10/2013 10/10/2013 1 45.00 15/03/2010 CD-ROMs, DVDs, VHS
    Dewey Decimal Classification     Sarojini Nagar Sarojini Nagar 15/03/2010 Pioneers/1099/25-12-09/325/13-10-09 /30-12-09 45.00 5 DVD NAMA DVD-006713 07/03/2012 06/03/2012 1 45.00 15/03/2010 CD-ROMs, DVDs, VHS
    Dewey Decimal Classification     Shahdara Branch Shahdara Branch 15/03/2010 Pioneers/1099/25-12-09/325/13-10-09 /30-12-09 45.00   DVD NAMA DVd-006718 15/03/2010   1 45.00 15/03/2010 CD-ROMs, DVDs, VHS
    Dewey Decimal Classification     Vinoba Puri Vinoba Puri 15/03/2010 Pioneers/1099/25-12-09/325/13-10-09 /30-12-09 45.00 3 DVD NAMA DVd-006715 21/11/2012 07/11/2012 1 45.00 15/03/2010 CD-ROMs, DVDs, VHS

© Delhi Public Library
Hit Counter
free hit counter